000 01637cam a22004817a 4500
003 CHAP
005 20220817043454.0
008 980928d1993 mx a r 00110 spa d
010 _a76218
011 _a77190
020 _a968639737X
035 _a86793
040 _cCHAP
082 0 4 _a575.2
_bC4
110 2 _aCEMEX
_920938
245 1 0 _aDiversidad de fauna mexicana
_c/por CEMEX
260 _aMéxico, D.F. :
_bAgrupación Sierra Madre, S.C.,
_c1993.
300 _a191 p. :
_bilus.
590 _aBATCH-UPD
_b10
_c20130109
_lUCH01
_h2339
590 _aBATCH-UPD
_b10
_c20130110
_lUCH01
_h0736
590 _aBATCH-UPD
_b10
_c20130409
_lUCH01
_h1908
590 _aBATCH-UPD
_b10
_c20130410
_lUCH01
_h0419
590 _aBATCH-UPD
_b10
_c20130914
_lUCH01
_h0546
590 _aCONVERSION
_b10
_c20130109
_lUCH01
_h1342
650 1 4 _aAves
_xMéxico.
_98617
650 1 4 _aBatracios
_xMéxico.
_910816
650 1 4 _aBiodiversidad.
_912724
650 1 4 _aInvertebrados.
_960203
650 1 4 _aMamíferos
_xMéxico.
_970251
650 1 4 _aPeces.
_986441
650 1 4 _aRecursos naturales
_xConservación.
650 1 4 _aRecursos naturales
_xMéxico.
_995299
650 1 4 _aReptiles
_xMéxico.
_996042
650 1 4 _aVertebrados.
_9118965
700 0 _aCeballos, Gerardo.
_920745
700 0 _aEccardi Ambrosi, Fulvio.
_935037
901 _aBK
905 _aAlejandra Carrasco M.
942 _cLIBRO
949 _a575.2 C4
_bBC
_cC
_d33724000703781
_eC
_fc.3
_gI.193812
_h94242
_i86793
_sb
949 _a575.2 C4
_bBC
_cC
_d33724000703799
_eC
_gI.193813
_h94240
_i86793
_sb
_t$140.00
949 _a575.2 C4
_bBC
_cC
_d33724000703807
_eC
_fc.2
_gI.193814
_h94241
_i86793
_sb
999 _c76218
_d76218